000 00877nam a2200253Ia 4500
003 OSt
005 20220930064729.0
006 a|||||r|||| 00| 0
007 ta
008 220926b |||||||| |||| 00| 0 eng d
024 _a4632
037 _cTheses
040 _aCRL
_cCRL
_beng
041 _2eng
_aeng
100 _aHarish Kumar
110 _aUniversity of Delhi. Faculty of Science. Department of Zoology
245 0 _aSexual behaviour and communication in the leafhopper amrasca devastans (Distant Homopter
_b Auchenorrhyncha, Cicadelli-dae)
260 _c1980
650 _aZOOLOGY
700 _a Supervisors : Prof K N Saxena and Prof B I Sundararaj
_9524880
700 _aUniversity of Delhi. Faculty of Science. Department of Zoology
942 _cDIS
_2CC
999 _c858597
_d858597